India through the Western Lens : creating national images in film

Saved in:
Bibliographic Details
Main Author: Mitra, Ananda 1960-
Format: Book
Language:English
Published: New Delhi : Sage Publications, 1999
Subjects:
Tags: Add Tag
No Tags, Be the first to tag this record!

MARC

LEADER 00000nam a2200000 i 4500
001 1/13513
008 001129s1999 eng d
020 |a 0-7619-9269-3 
035 |l 10064651 
040 |a GR-MY-UA  |b gre  |e aacr 
041 0 |a eng 
082 0 |a 791.436254 
100 1 |a Mitra, Ananda  |d 1960- 
245 1 0 |a India through the Western Lens :  |b creating national images in film /  |c Ananda Mitra 
260 |a New Delhi :   |b Sage Publications,   |c 1999 
300 |a 254 p. 
504 |a Includes bibliographical references and index 
651 0 |a India  |x In motion pictures. 
852 |a INST  |b LESVOS  |e 20001129  |h 791.436254 MIT  |p 005100029519  |q 005100029519  |t BK  |y 0 
901 |a BIBL1-2000-3 
909 |a Λ  |b 082877 
922 |a 1ΕΛΗ  |b 200011  |c ΤΑΚ/ΠΤΕ  |d ΜΙΧΑΛΟΠΟΥΛΟΣ 
950 |a 185-2000-09-13 
970 |a ΜΟΥΣΤΑΚΑ  |b ΠΗΝΕΛΟΠΗ  |z 2000/12/01